| 000 -LEADER |
| fixed length control field |
01188nam a2200253 a 4500 |
| 001 - CONTROL NUMBER |
| control field |
:::00003946$&:&@@ |
| 003 - CONTROL NUMBER IDENTIFIER |
| control field |
OkBaRHE |
| 005 - DATE AND TIME OF LATEST TRANSACTION |
| control field |
20090430155128.0 |
| 008 - FIXED-LENGTH DATA ELEMENTS--GENERAL INFORMATION |
| fixed length control field |
s1988 j 000 0 eng u |
| 040 ## - CATALOGING SOURCE |
| Transcribing agency |
|
| 100 1# - MAIN ENTRY--PERSONAL NAME |
| Personal name |
McCallum, Brian. |
| 245 10 - TITLE STATEMENT |
| Title |
Seven letters to seven churches. |
| 260 ## - PUBLICATION, DISTRIBUTION, ETC. (IMPRINT) |
| Place of publication, distribution, etc |
Broken Arrow, OK |
| Name of publisher, distributor, etc |
Brian McCallum Ministries |
| Date of publication, distribution, etc |
1988 |
| 300 ## - PHYSICAL DESCRIPTION |
| Extent |
92 p. ; |
| Dimensions |
22 cm. |
| 490 0# - SERIES STATEMENT |
| Series statement |
Breaking the bread of Revelation, v.2. |
| 520 ## - SUMMARY, ETC. |
| Summary, etc |
This book concentrates on Jesus Christ's seven letters to the seven churches of Revelation, chapters 2 &3. These two chapters of Revelation provide a picture of Jesus Christ, the Head of the Church, ministering to His Body today! |
| 650 ## - SUBJECT ADDED ENTRY--TOPICAL TERM |
| Topical term or geographic name as entry element |
Bible New Testament Revelation |
| General subdivision |
Criticism, interpretation, etc. |
| 650 ## - SUBJECT ADDED ENTRY--TOPICAL TERM |
| Topical term or geographic name as entry element |
Seven Churches |
| 730 ## - ADDED ENTRY--UNIFORM TITLE |
| Uniform title |
7 letters to 7 churches. |
| 942 ## - ADDED ENTRY ELEMENTS (KOHA) |
| Source of classification or shelving scheme |
|
| Koha item type |
Books |